Names of the 74th Hunger Games' Tributes - Statistics

General Stats
  • This quiz has been taken 235 times
  • The average score is 7 of 8
Answer Stats
District Name % Correct
12 Katniss
100%
12 Peeta
98%
11 Rue
96%
2 Cato
92%
1 Glimmer
87%
2 Clove
86%
11 Thresh
86%
1 Marvel
79%
No matching quizzes found
Score Distribution
Percent of People with Each Score
Percentile by Number Answered
Your Score History
You have not taken this quiz